000 00531cam a22002291 4500
001 sa 68005940
003 DLC
005 20260227112512.0
008 890724s1968 ii a 000 0 hino
010 _asa 68005940
035 _a(OCoLC)20059598
040 _aDLC
_cWaU
_dDLC
042 _apremarc
043 _aa-ii---
050 0 0 _aCT1503
_b.S5
100 1 _aSharma, Venkat.
245 1 0 _aAmara jīvana.
260 _c[1968]
300 _a6, 118 p.
_bill.
_c18 cm.
500 _aIn Hindi.
651 0 _aIndia
_vBiography.
999 _c81019
_d81019